Desarrollo de un modelo conceptual para la prestación de servicios de atención directa a las personas con énfasis en la garantía de acceso a los servicios de salud para el Programa de Atención Integral de Salud (PAIS)
Zapisane w:
| 1. autor: | |
|---|---|
| Kolejni autorzy: | , |
| Format: | Książka |
| Wydane: |
2011
|
| Hasła przedmiotowe: | |
| Etykiety: |
Dodaj etykietę
Nie ma etykietki, Dołącz pierwszą etykiete!
|
MARC
| LEADER | 00000nam a2200000Ia 4500 | ||
|---|---|---|---|
| 003 | 010575 | ||
| 005 | 20221231144026.0 | ||
| 008 | 140114s2011 c a 000 | s d | ||
| 040 | |c cru CEDI | ||
| 090 | |a TFG 6410 | ||
| 100 | |a Madrigal Vargas, Ángel |9 2427 | ||
| 245 | |a Desarrollo de un modelo conceptual para la prestación de servicios de atención directa a las personas con énfasis en la garantía de acceso a los servicios de salud para el Programa de Atención Integral de Salud (PAIS) | ||
| 260 | |c 2011 | ||
| 500 | |a Proyecto de graduación (licenciatura en ingeniería industrial)--Universidad de Costa Rica. Facultad de Ingeniería. Escuela de Ingeniería Industrial | ||
| 650 | |x UNIVERSIDAD DE COSTA RICA. VICERRECTORIA DE ACCION SOCIAL. PROGRAMA DE ATENCION INTEGRAL DE SALUD |x SERVICIOS DE SALUD |x ADMINISTRACION |x DISEÑO |x ATENCION PRIMARIA DE SALUD |x EQUIPOS BASICOS DE ATENCION INTEGRAL EN SALUD (COSTA RICA) |x ATENCION INTEGRAL DE SALUD |x SALUD PUBLICA |x COSTA RICA |9 2430 | ||
| 700 | |9 2428 |a Morales Barquero, Pablo | ||
| 700 | |9 2429 |a Muñoz Zúñiga,José Enrique | ||
| 942 | |c TFG | ||
| 999 | |c 15779 |d 15779 | ||
